000 01641nam0a22003851 4500
001 RU\NLR\INFOCOMM_116\5000066280
005 20250613091409.0
035 _a(NLR Aleph) 009106839
090 _a8135697
_c8135697
100 _a20090131d1980 |||y0rusy50 ca
101 1 _aeng
102 _aRU
105 _aa ||||000|y
200 1 _aˆThe ‰voice of the herald
_eStories
_aˆThe ‰investigator
_eA novel
_fAlberts Bels
_g[Transl. by David Foreman
_gIll. by Vassili Shulzhenko]
210 _aМ.
_cProgress
_d1980
215 _a368 с.
_cил.
_d21 см
300 _aНа обороте тит. л.: Голос зовущего; Следователь: Романы; Рассказы / Альберт Бэл
327 1 _aHigher mathematics.- Knife game.- The submarine captain.- Samson's whiskers.- Injustice.- War was such fun.- Sat.- Bombs in the cherry orchad.- Eternal etude.- The Rubicon
464 0 _12001#$aHigher mathematics
_tHigher mathematics
464 0 _12001#$aKnife game
_tKnife game
464 0 _12001#$aThe submarine captain
_tThe submarine captain
464 0 _12001#$aSamson's whiskers
_tSamson's whiskers
464 0 _12001#$aInjustice
_tInjustice
464 0 _12001#$aWar was such fun
_tWar was such fun
464 0 _12001#$aSat
_tSat
464 0 _12001#$aBombs in the cherry orchad
_tBombs in the cherry orchad
464 0 _12001#$aEternal etude
_tEternal etude
464 0 _12001#$aThe Rubicon
_tThe Rubicon
686 _aЛх-лат. П
_2rubbk
700 1 _aBels
_bA.
_f1938-
_gAlberts
_4070
801 1 _aRU
_bNLR
_c20090131
801 0 _aRU
_bNLR
_gPSBO
852 _aNLR
_jЛ41 Д-3/152
942 _cBOOK
980 _aNB